| 000 | 00902nam a2200265 i 4500 | ||
|---|---|---|---|
| 003 | EG-ScBUE | ||
| 005 | 20250126100708.0 | ||
| 008 | 100316s2005 ii a f 000 0 eengdd | ||
| 020 | _a8121924472 | ||
| 020 | _a9788121924474 | ||
| 040 |
_aEG-ScBUE _beng _erda _cEG-ScBUE _dEG-ScBUE |
||
| 082 | 0 | 4 |
_222 _a530 _bMUR |
| 100 | 1 |
_911411 _aMurugeshan, R., _eauthor. |
|
| 245 | 1 | 0 |
_aProperties of matter and acoustics/ _cR. Murugeshan, Head of the Department of Physics, Kiruthiga Sivaprasath. |
| 264 | 1 |
_aNew Delhi : _bS. Chand, _c2005. |
|
| 300 |
_a108 pages : _billustrations ; _c24 cm |
||
| 336 |
_2rdacontent _atext _btxt |
||
| 337 |
_aunmediated _2rdamedia _bn |
||
| 338 |
_avolume _bnc _2rdacarrier |
||
| 650 | 7 |
_912790 _aMatter _xProperties. _2BUEsh |
|
| 650 | 7 |
_912789 _aPhysics. _2BUEsh |
|
| 655 | _vReading book | ||
| 700 | 1 |
_911560 _aSivaprasath, Kiruthiga, _eauthor. |
|
| 942 |
_2ddc _cBB |
||
| 999 |
_c13704 _d13704 |
||